000 00705nam a2200193 i 4500
001 56275
003 ES-MaACL
005 20250822063122.0
007 t|
008 031007s1953 sp ||||1| spa d
100 1 _aDíaz de Villegas, José,
_d1894-1968
_944253
245 1 3 _aEl estrecho de Gibraltar
_b: su función geopolítica nacional /
_cpor Hispanus (seud.), José Díaz de Villegas y Bustamante.
250 _anueva ed. totalmente actualizada y puesta al día.
260 _aMadrid :
_bEditora Nacional,
_c1953 (
_fEstades)
300 _a456 p., 15 lám. :
_bil. ;
_c21 cm.
651 4 _aGibraltar (Estrecho)
_9151823
852 _aES-MaACL
_jC-6545
_bR.35913
999 _c56275
_d56275